| 000 | 00000nam##2200000za#4500 |
| 001 | 9.696351 |
| 003 | CaOODSP |
| 005 | 20210624235007 |
| 007 | cr ||||||||||| |
| 008 | 150407|1999||||xxc|||||o f|0| 0 eng|d |
| 040 | |aCaOODSP|beng |
| 043 | |an-cn--- |
| 086 | 1 |aH21-157/1999E-PDF |
| 110 | 1 |aCanada. |bHealth Canada. |
| 245 | 10|aFood safety assessment : |h[electronic resource]|bthe Food Emergency Response System of the Canadian Food Inspection Agency : food safety assessment report to the Minister of Health |
| 246 | 1 |aAssessment of the Food Emergency Response System |
| 260 | |aOttawa - Ontario : |bHealth Canada |cMarch 1999. |
| 300 | |a27p.|bfigs. |
| 590 | |a12-30-Supp|b2012-06-28 |
| 690 | 07|aFood safety|2gcpds |
| 690 | 07|aPerformance assessment|2gcpds |
| 775 | 08|tÉvaluation de la salubrité des aliments : |w(CaOODSP)9.640468 |
| 776 | 0#|tFood safety assessment: the Food Emergency Response System of the Canadian Food Inspection Agency : |w(CaOODSP)9.647788 |
| 856 | 40|ahttp://publications.gc.ca|qPDF|s316 KB|uhttps://publications.gc.ca/collections/Collection/H21-157-1999E.pdf |